Central Library OPAC University of Rajshahi

Tennis : (Record no. 62264)

MARC details
000 -LEADER
fixed length control field 00752nam a22002417a 4500
001 - CONTROL NUMBER
control field 62264
003 - CONTROL NUMBER IDENTIFIER
rucl marc code BD-RjUL
005 - DATE AND TIME OF LATEST TRANSACTION
control field 20211209081049.0
008 - FIXED-LENGTH DATA ELEMENTS--GENERAL INFORMATION
fixed length control field 170123s1968 nyua|||| b||| 001 0 eng d
035 ## - SYSTEM CONTROL NUMBER
System control number (BD-RjUL)62390
040 ## - CATALOGING SOURCE
Original cataloging agency BD-RjUL
Language of cataloging eng
Transcribing agency BD-RjUL
Modifying agency BD-RjUL
041 ## - LANGUAGE CODE
Language code of text/sound track or separate title eng
082 ## - DEWEY DECIMAL CLASSIFICATION NUMBER
Edition number 23
Classification number 796.34209
Author mark and year WHT 1968
100 ## - MAIN ENTRY--PERSONAL NAME
Personal name Whitman, Malcolm D.
9 (RLIN) 185197
245 ## - TITLE STATEMENT
Title Tennis :
Remainder of title Origins and Mysteries /
Statement of responsibility, etc. Malcolm D. Whitman; Robert W. Henderson
260 ## - PUBLICATION, DISTRIBUTION, ETC. (IMPRINT)
Place of publication, distribution, etc. New York :
Name of publisher, distributor, etc. The Derrydale Press,
Date of publication, distribution, etc. 1968.
300 ## - PHYSICAL DESCRIPTION
Pagination 258 p. :
Illustrations ill. ;
Size 24 cm.
504 ## - BIBLIOGRAPHY, ETC. NOTE
Bibliography, etc Include Bibliography and index.
650 ## - SUBJECT ADDED ENTRY--TOPICAL TERM
Topical term or geographic name as entry element Tennis
Form subdivision History.
9 (RLIN) 185198
Topical term or geographic name as entry element Tennis
Form subdivision Bibliography.
9 (RLIN) 185199
700 ## - ADDED ENTRY--PERSONAL NAME
Personal name Henderson, Robert W.
942 ## - ADDED ENTRY ELEMENTS (KOHA)
Source of classification or shelving scheme Dewey Decimal Classification
Koha item type Books
Holdings
Lost status Source of classification or shelving scheme Damaged status Not for loan Collection code Permanent Location Current Location Shelving location Date acquired Total Checkouts Full call number Date last seen Copy number Koha item type
  Dewey Decimal Classification   Not For Loan Non-fiction Central Library, University of Rajshahi Central Library, University of Rajshahi Reading Room 09/03/1989   796.34209 WHT 1968 23/01/2017 C-1 Books